| 000 | 01483cab a2200253 ab4500 | ||
|---|---|---|---|
| 005 | 20231108094715.0 | ||
| 008 | 991125c2016 ck fr p o 000 0 spa d | ||
| 035 | _aUPN01000218267 | ||
| 040 |
_aMX-MxUPN _bspa _cMX-MxUPN _eaacr2 |
||
| 049 | _aART-E | ||
| 100 | 1 | _aUribe Aramburo, Nicolás Ignacio | |
| 245 | 1 | 0 |
_a¿Era Freud un chamán? ¿El psicoanálisis proviene de la brujería? _h[recurso electrónico en línea] |
| 506 | 0 | _aAcceso abierto | |
| 520 | 3 | _aSe describen brevemente los principales trabajos de S. Freud como médico neurólogo y se cuestiona la falta de fundamento de algunas críticas que suelen hacerse hacia este autor y su creación; el Psicoanálisis, por parte de docentes en los programas de psicología. Esto con el ánimo de mostrar una visión diferente del padre del psicoanálisis, de sus orígenes, sus intereses investigativos, su aportes a la ciencia y la humanidad, y así aportar elementos de reflexión a los estudiantes en formación, pues de ese modo podrán aproximarse al psicoanálisis desde una posición más objetiva y neutral. Poiesis | |
| 653 | 0 | _aFREUD, SIGMUND, 1856-1939 | |
| 653 | 0 | _aPSICOANALISIS | |
| 653 | 0 | _aNEUROLOGIA | |
| 653 | 0 | _aPREJUICIOS | |
| 773 |
_gNo. 31 (2016), p. 101-108 _tPoiesis: revista electrónica de psicología social _x1692-0945 |
||
| 856 | 4 | _uhttp://www.funlam.edu.co/revistas/index.php/poiesis/article/view/2097/1604 | |
| 902 | _bLeonor Sotres/071123 | ||
| 905 | _aArticulo | ||
| 942 | _cART-E | ||
| 999 |
_c190367 _d190367 |
||